[Event "Open"]
[Site "Baku AZE"]
[Date "2010.08.26"]
[Round "4"]
[White "Yilmaz,M"]
[Black "Asgarov,M"]
[Result "0-1"]
[WhiteElo "2479"]
[BlackElo "2211"]
[EventDate "2010.08.23"]

1. e4 c5 2. Nf3 d6 3. d4 cxd4 4. Nxd4 Nf6 5. Nc3 a6 6. Bg5 e6 7. f4 b5 8.
e5 dxe5 9. fxe5 Qc7 10. exf6 Qe5+ 11. Be2 Qxg5 12. O-O Ra7 13. Ne4 Qe3+ 14.
Nf2 Rd7 15. c3 Bb7 16. Bh5 Qg5 17. Qg4 Qxg4 18. Bxg4 gxf6 19. Bh5 Rg8 20.
Ng4 Be7 21. Rae1 Rd5 22. Rxe6 Rxh5 23. Nxf6+ Kd8 24. Nxg8 fxe6 25. Rf7 Nc6
26. Nxe6+ Ke8 27. Rg7 Re5 28. Nf4 Kf8 29. Rg4 Bc5+ 30. Kf1 Bc8 31. Rg3 Rf5
32. Nh6 Rxf4+ 33. Ke2 Be6 0-1

[Event "Open"]
[Site "Baku AZE"]
[Date "2010.08.26"]
[Round "4"]
[White "Zeynalov,F"]
[Black "Khelaia,G"]
[Result "1-0"]
[WhiteElo "2328"]
[BlackElo "2115"]
[EventDate "2010.08.23"]

1. d4 g6 2. e4 Bg7 3. Nf3 d6 4. Nc3 Bg4 5. Be3 Nc6 6. Bb5 a6 7. Ba4 Bd7 8.
h3 e5 9. a3 exd4 10. Nxd4 Nf6 11. O-O O-O 12. Nde2 Re8 13. Ng3 Qc8 14. f4
Bxh3 15. gxh3 Qxh3 16. Rf3 Ng4 17. Nf1 Nxe3 18. Nxe3 Qh4 19. Ng2 Qh5 20.
Bxc6 bxc6 21. Rd3 Qc5+ 22. Kf1 Rab8 23. Qf3 d5 24. e5 f6 25. b4 Qf8 26.
exf6 Qxf6 27. Re1 Rxe1+ 28. Kxe1 Re8+ 29. Kd2 Qf8 30. Qg4 h5 31. Qh4 Qf5
32. Ne2 Bf6 33. Qg3 g5 34. Nh4 Qe4 35. Re3 Qc4 36. fxg5 Bg7 37. Ng6 1-0

[Event "Open"]
[Site "Baku AZE"]
[Date "2010.08.27"]
[Round "5"]
[White "Abasov,N"]
[Black "Mammadov,Z"]
[Result "1/2-1/2"]
[WhiteElo "2517"]
[BlackElo "2302"]
[EventDate "2010.08.23"]

1. e4 c6 2. d4 d5 3. Nc3 dxe4 4. Nxe4 Bf5 5. Ng3 Bg6 6. h4 h6 7. h5 Bh7 8.
Nf3 Nd7 9. Bd3 Bxd3 10. Qxd3 e6 11. Bd2 Qc7 12. O-O-O Ngf6 13. Qe2 O-O-O
14. Ne5 Nb6 15. Ba5 Rd5 16. Bxb6 axb6 17. c4 Rd8 18. Ne4 Nxe4 19. Qxe4 Bd6
20. f4 f5 21. Qe3 Bxe5 22. fxe5 Qe7 23. Kb1 Qg5 24. Qf3 Kb8 25. Rhe1 Rhe8
26. d5 cxd5 27. cxd5 exd5 28. Rxd5 Rxd5 29. Qxd5 Rd8 30. Qf3 Qd2 31. Rf1
Rd5 32. Qxf5 Qe3 33. g4 Rxe5 34. Qf4 Qe4+ 1/2-1/2

[Event "Open"]
[Site "Baku AZE"]
[Date "2010.08.27"]
[Round "5"]
[White "Abbasov,V"]
[Black "Javakhishvili,L"]
[Result "1/2-1/2"]
[WhiteElo "2157"]
[BlackElo "2470"]
[EventDate "2010.08.23"]

1. e4 c5 2. Nf3 e6 3. d4 cxd4 4. Nxd4 a6 5. Nc3 d6 6. Be3 Nf6 7. Qd2 Be7 8.
f3 h5 9. a4 Nc6 10. Nb3 b6 11. Rd1 Qc7 12. Qf2 Rb8 13. Bd3 Nb4 14. O-O e5
15. Rfe1 Be6 16. Bg5 Ng4 17. Qh4 f6 18. Bc1 g5 19. Qg3 Nh6 20. Qf2 Nf7 21.
Qe2 Ra8 22. Nd2 g4 23. Nf1 gxf3 24. gxf3 Ng5 25. Bxg5 fxg5 26. Ne3 O-O 27.
Kh1 Rf4 28. Ncd5 Nxd5 29. Nxd5 Bxd5 30. exd5 Raf8 31. Be4 Qc8 32. Rg1 Kh8
33. Rg3 Kg8 34. Rdg1 Kh8 35. c3 Bd8 36. R3g2 1/2-1/2

[Event "Open"]
[Site "Baku AZE"]
[Date "2010.08.27"]
[Round "5"]
[White "Abdulov,Or"]
[Black "Abbasov,F"]
[Result "0-1"]
[WhiteElo "2295"]
[BlackElo "2549"]
[EventDate "2010.08.23"]

1. e4 c5 2. Nf3 d6 3. d4 cxd4 4. Nxd4 Nf6 5. Nc3 a6 6. Be2 g6 7. O-O Bg7 8.
a4 Nc6 9. Be3 O-O 10. Qd2 Re8 11. h3 Bd7 12. Nb3 Na5 13. Nxa5 Qxa5 14. Rfd1
Rac8 15. Qd3 Be6 16. Rdc1 Bc4 17. Qd1 Bxe2 18. Qxe2 Qb4 19. Bd2 Qc4 20. f3
Nd7 21. Qe1 e6 22. Kh1 d5 23. a5 Qc6 24. Qh4 Ne5 25. Bh6 d4 26. Ne2 Qb5 27.
Ng3 Bxh6 28. Qxh6 Nc4 29. f4 Ne3 30. Rd1 Rxc2 31. e5 Qd5 0-1

[Event "Open"]
[Site "Baku AZE"]
[Date "2010.08.27"]
[Round "5"]
[White "Asgarov,M"]
[Black "Guliyev,N"]
[Result "1-0"]
[WhiteElo "2211"]
[BlackElo "2510"]
[EventDate "2010.08.23"]

1. e4 c5 2. Nf3 d6 3. d4 cxd4 4. Nxd4 Nf6 5. Nc3 a6 6. Be3 e6 7. Be2 Qc7 8.
O-O Be7 9. a4 Nc6 10. Nb3 b6 11. f4 O-O 12. Kh1 Bb7 13. Bf3 Rfe8 14. Qd2
Rab8 15. Qf2 Nd7 16. Nd4 Nxd4 17. Bxd4 e5 18. Be3 exf4 19. Bxf4 Bf6 20.
Rad1 Be5 21. Bxe5 Nxe5 22. Nd5 Bxd5 23. Rxd5 Rec8 24. Rfd1 Qxc2 25. Qxc2
Rxc2 26. Rxd6 f6 27. R6d2 Rbc8 28. Kg1 Kf7 29. Be2 a5 30. Kf2 Ke7 31. Ke3
Rxd2 32. Rxd2 Rc1 33. Rd1 Rc2 34. Rd2 Rxd2 35. Kxd2 Kd6 36. Kc3 Kc5 37. b3
g6 38. Bd1 Nf7 39. Be2 h5 40. Bd1 h4 41. Be2 g5 42. h3 Ne5 43. Bh5 Nc6 44.
Bd1 Nd4 45. Bg4 b5 46. axb5 Nxb5+ 47. Kd3 Nd4 48. Kc3 Nb5+ 49. Kd3 Nd6 50.
Bd1 Kb4 51. Kd4 Nb7 52. Kd5 Nc5 53. Bh5 Nxb3 54. Be8 Nc5 55. e5 fxe5 56.
Kxe5 Nb3 57. Kf5 Nd4+ 58. Kxg5 Nb5 59. Kxh4 a4 60. g4 a3 61. Bf7 Nd6 62.
Ba2 Kc3 63. g5 Kb2 64. Bd5 Kc3 65. g6 Kd4 66. Kg4 Ke5 67. g7 Nf5 68. g8=Q
Nh6+ 69. Kg5 Nxg8 70. Bxg8 1-0

[Event "Open"]
[Site "Baku AZE"]
[Date "2010.08.27"]
[Round "5"]
[White "Azaladze,S"]
[Black "Sadikhov,U"]
[Result "1-0"]
[WhiteElo "2443"]
[BlackElo "2014"]
[EventDate "2010.08.23"]

1. Nf3 Nf6 2. g3 d5 3. Bg2 Bf5 4. O-O e6 5. Nh4 Be4 6. f3 Bg6 7. d3 Be7 8.
e4 c5 9. Nxg6 hxg6 10. e5 Nfd7 11. f4 Nc6 12. c4 Nb6 13. b3 f5 14. h4 Qd7
15. Be3 O-O-O 16. Na3 a6 17. Nc2 Qc7 18. Qe2 d4 19. Bd2 Nb4 20. Nxb4 cxb4
21. Qe1 Qc5 22. a3 a5 23. axb4 axb4 24. Ra7 Rd7 25. Qe2 Kd8 26. Rfa1 Qc8
27. Qe1 1-0

[Event "Open"]
[Site "Baku AZE"]
[Date "2010.08.27"]
[Round "5"]
[White "Durarbeyli,V"]
[Black "Miroshnichenko,E"]
[Result "0-1"]
[WhiteElo "2501"]
[BlackElo "2686"]
[EventDate "2010.08.23"]

1. e4 Nf6 2. e5 Nd5 3. d4 d6 4. c4 Nb6 5. exd6 cxd6 6. Nc3 g6 7. Be3 Bg7 8.
Rc1 O-O 9. Nf3 Bg4 10. b3 d5 11. c5 Nc8 12. Be2 Nc6 13. O-O e6 14. h3 Bxf3
15. Bxf3 N8e7 16. Nb5 Nf5 17. g4 a6 18. gxf5 axb5 19. fxe6 fxe6 20. Bg4 Qf6
21. Rc2 h5 22. Be2 Qh4 23. Rd2 Qxh3 24. Re1 Ne5 25. dxe5 Bxe5 26. Bxb5 Rf3
27. Bd4 Bh2+ 28. Kh1 Bg3+ 29. Kg1 Raf8 30. Qc2 Bh2+ 31. Kh1 Be5+ 32. Kg1
Qg4+ 0-1

[Event "Open"]
[Site "Baku AZE"]
[Date "2010.08.27"]
[Round "5"]
[White "Golizadeh,A"]
[Black "Mamedov,Rau"]
[Result "0-1"]
[WhiteElo "2481"]
[BlackElo "2660"]
[EventDate "2010.08.23"]

1. e4 c5 2. Nf3 Nc6 3. Bb5 d6 4. O-O Bd7 5. c3 a6 6. Ba4 Nf6 7. Re1 b5 8.
Bc2 Bg4 9. d4 cxd4 10. cxd4 Bxf3 11. gxf3 e5 12. Be3 Be7 13. Nc3 Rc8 14. a4
exd4 15. Bxd4 b4 16. Ne2 Nh5 17. Be3 Ne5 18. Kg2 Bg5 19. Bd3 O-O 20. Ng3
Nf4+ 21. Bxf4 Bxf4 22. Bxa6 Rc5 23. Qb3 Ng6 24. Rad1 Be5 25. Kh1 Qf6 26.
Rg1 Qf4 27. Be2 Rfc8 28. Ba6 R8c7 29. Qe3 Rc2 30. b3 R7c3 31. Rd3 Ra2 32.
Rgd1 Rcc2 33. Rf1 h5 34. Qxf4 Nxf4 35. Rdd1 h4 36. Nf5 Nh3 37. f4 Rxf2 38.
Rxf2 Nxf2+ 39. Kg1 Nh3+ 0-1

[Event "Open"]
[Site "Baku AZE"]
[Date "2010.08.27"]
[Round "5"]
[White "Guliev,L"]
[Black "Isgandarova,K"]
[Result "1-0"]
[WhiteElo "2437"]
[BlackElo "2172"]
[EventDate "2010.08.23"]

1. e4 d5 2. exd5 Qxd5 3. Nc3 Qa5 4. d4 Nf6 5. Nf3 Bf5 6. Bc4 e6 7. Bd2 c6
8. Nd5 Qd8 9. Nxf6+ Qxf6 10. Qe2 Bg4 11. d5 Bxf3 12. gxf3 cxd5 13. Bxd5 Nd7
14. O-O-O O-O-O 15. Be4 Qe5 16. Be3 Kb8 17. Rd3 Qc7 18. Rc3 Qa5 19. Qc4 Ne5
20. Qb3 Rd7 21. f4 Ng4 22. Rd3 1-0

[Event "Open"]
[Site "Baku AZE"]
[Date "2010.08.27"]
[Round "5"]
[White "Hasanov,Shakhr"]
[Black "Hasanli,S"]
[Result "1-0"]
[WhiteElo "2264"]
[BlackElo "1983"]
[EventDate "2010.08.23"]

1. e4 c5 2. Nf3 d6 3. d4 cxd4 4. Nxd4 Nf6 5. Nc3 g6 6. Be3 Bg7 7. f3 O-O 8.
Qd2 Nc6 9. O-O-O Nxd4 10. Bxd4 Be6 11. Kb1 Rc8 12. h4 h5 13. g4 hxg4 14. h5
Nxh5 15. Bxg7 Nxg7 16. Qh6 f6 17. Qxg6 Qe8 18. Qh7+ Kf7 19. Bb5 Qd8 20. Rh6
Rg8 21. Nd5 Bxd5 22. exd5 gxf3 23. Bd3 Qd7 24. Bg6+ Kf8 25. Rdh1 1-0

[Event "Open"]
[Site "Baku AZE"]
[Date "2010.08.27"]
[Round "5"]
[White "Hasanova,T"]
[Black "Dovliatov,S"]
[Result "0-1"]
[WhiteElo "2038"]
[BlackElo "2422"]
[EventDate "2010.08.23"]

1. Nf3 f5 2. g3 Nf6 3. Bg2 g6 4. O-O Bg7 5. d3 O-O 6. Nc3 d6 7. e4 e5 8.
exf5 gxf5 9. Nh4 f4 10. d4 fxg3 11. fxg3 Nc6 12. dxe5 dxe5 13. Qxd8 Nxd8
14. Nf5 c6 15. Nxg7 Kxg7 16. Ne4 Nxe4 17. Rxf8 Kxf8 18. Bxe4 Kg7 19. b3 Nf7
20. Bb2 Bg4 21. Re1 Re8 22. Kg2 Be6 23. h4 Bd5 24. c4 Bxe4+ 25. Rxe4 Kf6
26. g4 h6 27. Re2 Rd8 28. Kf2 Ke6 29. Ke1 Rd3 30. Rg2 Rh3 31. h5 a5 32. Ke2
b5 33. cxb5 cxb5 34. Bc1 Rh1 35. Bd2 Ra1 36. Bxa5 Rxa2+ 37. Bd2 Rb2 38. Rg3
e4 39. Kd1 Kd5 40. b4 Rb1+ 41. Kc2 Rh1 42. Ra3 Rh2 43. Kc1 Kd4 44. Ra7 Ng5
45. Rd7+ Kc4 46. Rc7+ Kd3 47. Rd7+ Ke2 48. Bxg5 Rh1+ 49. Kc2 hxg5 50. Rd5
Kf3 51. Rxg5 e3 52. Rf5+ Ke4 0-1

[Event "Open"]
[Site "Baku AZE"]
[Date "2010.08.27"]
[Round "5"]
[White "Maghalashvili,Da"]
[Black "Aleksandrov,A"]
[Result "1/2-1/2"]
[WhiteElo "2465"]
[BlackElo "2642"]
[EventDate "2010.08.23"]

1. d4 d5 2. c4 e6 3. Nf3 Nf6 4. Nc3 Bb4 5. cxd5 exd5 6. Bg5 Nbd7 7. e3 c5
8. Bd3 Qa5 9. O-O c4 10. Bf5 Bxc3 11. bxc3 Ne4 12. Qc2 Nxg5 13. Nxg5 g6 14.
Bxd7+ Bxd7 15. e4 f6 16. Nf3 O-O 17. Nd2 Rae8 18. f3 f5 19. Rfe1 fxe4 20.
fxe4 Bc6 21. e5 Qa3 22. Qc1 Qe7 23. Nf1 Rf7 24. Ne3 Qh4 25. Qd2 Ref8 26.
Rf1 b5 27. Rxf7 Rxf7 28. h3 h5 29. Rf1 a5 30. Rxf7 Kxf7 31. a3 Kg7 32. Qf2
Qxf2+ 33. Kxf2 h4 34. Kf3 g5 35. g3 hxg3 36. Kxg3 Kg6 37. h4 Kh5 38. hxg5
Kxg5 39. Kf3 1/2-1/2

[Event "Open"]
[Site "Baku AZE"]
[Date "2010.08.27"]
[Round "5"]
[White "Mammadov,A"]
[Black "Shanava,K"]
[Result "1-0"]
[WhiteElo "2327"]
[BlackElo "2556"]
[EventDate "2010.08.23"]

1. e4 g6 2. d4 Bg7 3. Nc3 d6 4. Nf3 c6 5. a4 Nf6 6. Be2 O-O 7. O-O Na6 8.
h3 Nb4 9. Be3 a5 10. Qd2 Qc7 11. Rad1 Re8 12. Rfe1 e5 13. dxe5 dxe5 14. Bc4
Be6 15. Bxe6 Rxe6 16. Qe2 h6 17. Rd2 Bf8 18. Red1 Rc8 19. Nh2 Kg7 20. Ng4
Nxg4 21. Qxg4 h5 22. Qxe6 fxe6 23. Rd7+ Qxd7 24. Rxd7+ Kg8 25. Rxb7 Nxc2
26. Bb6 Bb4 27. Bc7 Ne1 28. Bxe5 Nd3 29. Bf6 Nxb2 30. Ne2 Nxa4 31. Rg7+ Kf8
32. Nf4 Nb6 33. Rb7 Nc4 34. e5 Kg8 35. Rg7+ Kf8 36. Nxe6+ Ke8 37. Nc7+ Rxc7
38. Rxc7 Nb6 39. e6 1-0

[Event "Open"]
[Site "Baku AZE"]
[Date "2010.08.27"]
[Round "5"]
[White "Orujov,E"]
[Black "Sulashvili,M"]
[Result "0-1"]
[WhiteElo "2187"]
[BlackElo "2498"]
[EventDate "2010.08.23"]

1. e4 c6 2. c4 d5 3. cxd5 cxd5 4. exd5 Nf6 5. Qa4+ Nbd7 6. Nc3 g6 7. Nf3
Bg7 8. Bc4 O-O 9. d3 a6 10. Qa3 Nb6 11. Qb3 Bg4 12. Ne5 Qc7 13. f4 Qc5 14.
h3 Bc8 15. Ke2 Qc7 16. Be3 Nfd7 17. d6 exd6 18. Bxf7+ Kh8 19. Nxd7 Nxd7 20.
Bd5 Nc5 21. Qb4 Bf5 22. Ne4 Rae8 23. Rac1 b6 24. Rhf1 Qe7 25. Rc4 Be6 26.
Bxe6 Qxe6 27. Qxb6 d5 28. Rb4 dxe4 29. Qxc5 exd3+ 30. Kxd3 Rf5 31. Qb6 Rd5+
32. Kc2 Qf5+ 33. Kb3 Rxe3+ 34. Ka4 Qc2+ 35. Rb3 Re4+ 36. Ka3 0-1

[Event "Open"]
[Site "Baku AZE"]
[Date "2010.08.27"]
[Round "5"]
[White "Orujov,S"]
[Black "Yilmaz,M"]
[Result "1-0"]
[WhiteElo "2077"]
[BlackElo "2479"]
[EventDate "2010.08.23"]

1. e4 c5 2. Nf3 d6 3. d4 cxd4 4. Nxd4 Nf6 5. Nc3 a6 6. Be2 e5 7. Nb3 Be7 8.
O-O O-O 9. Be3 b6 10. Nd5 Nxd5 11. Qxd5 Ra7 12. a4 Be6 13. Qd2 Rd7 14. Qc3
f5 15. Bc4 Bxc4 16. Qxc4+ Kh8 17. f3 Qc7 18. Qd3 Qc6 19. Rfd1 Rc7 20. c3
fxe4 21. fxe4 Nd7 22. Nd2 b5 23. axb5 axb5 24. Ra5 Rb7 25. Rda1 Bd8 26. Ra6
Bb6 27. Kh1 Nf6 28. Rf1 h6 29. h3 Qc7 30. Rf3 Rf7 31. Kh2 Kg8 32. Qe2 Bxe3
33. Qxe3 Ra7 34. Rxa7 Qxa7 35. Qd3 Qc5 36. Qc2 Kf8 37. Qb3 Ke7 38. Qa2 Rf8
39. Qa6 Rb8 40. Qa2 Rb7 41. Rg3 Kf8 42. Qa8+ 1-0

[Event "Open"]
[Site "Baku AZE"]
[Date "2010.08.27"]
[Round "5"]
[White "Quparadze,G"]
[Black "Khademalsharieh,S"]
[Result "1/2-1/2"]
[WhiteElo "2345"]
[BlackElo "2097"]
[EventDate "2010.08.23"]

1. e4 e5 2. Nf3 Nc6 3. Bb5 a6 4. Ba4 Nf6 5. d3 b5 6. Bb3 Bc5 7. O-O d6 8.
c3 O-O 9. a4 Rb8 10. axb5 axb5 11. Bg5 h6 12. Bh4 g5 13. Bg3 Bb6 14. Na3
Ne7 15. Nxb5 Ng6 16. Na3 Bg4 17. Nc4 Nf4 18. Ne3 Bxe3 19. fxe3 Nxd3 20.
Bxf7+ Rxf7 21. Qxd3 Qe7 22. b4 Rbf8 23. Nd2 Bh5 24. Qc4 Ng4 25. Rf3 Nf6 26.
Rf2 Ng4 27. Rxf7 Qxf7 28. Qd3 Bg6 29. Ra7 Nf2 30. Qc4 Nxe4 31. Qxf7+ Rxf7
32. Nxe4 Bxe4 33. h3 Kf8 1/2-1/2

[Event "Open"]
[Site "Baku AZE"]
[Date "2010.08.27"]
[Round "5"]
[White "Rasulov,Vu"]
[Black "Guseinov,G"]
[Result "1/2-1/2"]
[WhiteElo "2442"]
[BlackElo "2611"]
[EventDate "2010.08.23"]

1. e4 c5 2. Nf3 g6 3. d4 cxd4 4. Qxd4 Nf6 5. e5 Nc6 6. Qa4 Nd5 7. Qe4 Ndb4
8. Bb5 a6 9. Bxc6 Nxc6 10. Bf4 Bg7 11. Nc3 O-O 12. O-O-O d6 13. Qe3 Bg4 14.
exd6 exd6 15. Rxd6 Qa5 16. Rd5 b5 17. Ne5 Nb4 18. Nxg4 h5 19. Be5 Nxd5 20.
Nxd5 hxg4 21. Ne7+ Kh7 22. Bxg7 Kxg7 23. Qd4+ Kh7 24. h3 g3 1/2-1/2

[Event "Open"]
[Site "Baku AZE"]
[Date "2010.08.27"]
[Round "5"]
[White "Savchenko,B"]
[Black "Zeynalov,F"]
[Result "1-0"]
[WhiteElo "2623"]
[BlackElo "2328"]
[EventDate "2010.08.23"]

1. e4 e5 2. Nf3 Nf6 3. d3 Nc6 4. c3 Be7 5. Nbd2 O-O 6. Be2 d5 7. O-O h6 8.
b4 a6 9. a3 Be6 10. Re1 dxe4 11. dxe4 Nh7 12. Qc2 Ng5 13. Nxg5 Bxg5 14. Nc4
Bxc1 15. Raxc1 Qg5 16. Rcd1 Rad8 17. Ne3 Ne7 18. g3 Ng6 19. Kh1 Rxd1 20.
Rxd1 Rd8 21. h4 Rxd1+ 22. Qxd1 Qe7 23. Bc4 Bxc4 24. Nxc4 b5 25. Ne3 Nf8 26.
Qd5 Qe6 27. Qa8 f6 28. Nd5 c6 29. Ne3 Qd7 30. Kg1 Kf7 31. Qxa6 Ne6 32. a4
g6 33. axb5 cxb5 34. Kg2 f5 35. exf5 gxf5 36. Nxf5 Nf4+ 37. gxf4 Qxf5 38.
Qb7+ Kg6 39. Qc6+ Kh7 40. Qc7+ Kg6 41. Qd6+ Kh7 42. Qe7+ Kg6 43. Qd6+ Kh7
44. Qxe5 Qg4+ 45. Kf1 Qd1+ 46. Qe1 Qd3+ 47. Kg2 Qg6+ 48. Kh2 Qg4 49. Qe4+
Kh8 50. Qa8+ Kh7 51. Qe4+ Kh8 52. Qe5+ Kh7 53. Qf6 Qf3 54. Qe7+ Kh8 55. Qe3
Qg4 56. Qg3 Qf5 57. Qf3 h5 58. Qa8+ Kh7 59. Qb7+ Kh8 60. Qb8+ Kh7 61. Qc7+
Kg6 62. Qe5 Qc2 63. Qg5+ Kf7 64. Qxh5+ Kg8 65. Qf3 Qf5 66. Qh3 Qc2 67. Qe3
Qf5 68. Qd4 Qg4 69. f5 Qxf5 70. Kg3 Kh7 71. Qc5 Qg6+ 72. Kf4 1-0

[Event "Open"]
[Site "Baku AZE"]
[Date "2010.08.27"]
[Round "5"]
[White "Sutovsky,E"]
[Black "Chighladze,I"]
[Result "1-0"]
[WhiteElo "2665"]
[BlackElo "2375"]
[EventDate "2010.08.23"]

1. e4 Nf6 2. e5 Nd5 3. d4 d6 4. Nf3 g6 5. Bc4 Nb6 6. Bb3 Bg7 7. Ng5 e6 8.
Qf3 O-O 9. Qh3 h6 10. Ne4 d5 11. Nc5 N8d7 12. Nxd7 Nxd7 13. Bxh6 c5 14. c3
Qb6 15. dxc5 Nxc5 16. O-O a5 17. Nd2 a4 18. Bc2 Qxb2 19. Rac1 Bxe5 20. Nf3
Bf6 21. Bxg6 fxg6 22. Qg3 Bd7 23. Qxg6+ Kh8 24. Ng5 1-0

[Event "Open"]
[Site "Baku AZE"]
[Date "2010.08.27"]
[Round "5"]
[White "Talishzada,O"]
[Black "Mamedjarova,T"]
[Result "1/2-1/2"]
[WhiteElo "2073"]
[BlackElo "2280"]
[EventDate "2010.08.23"]

1. e4 e5 2. Bc4 Nc6 3. Nf3 Bc5 4. Nc3 Nf6 5. d3 h6 6. Be3 d6 7. Bxc5 dxc5
8. Bb5 Qd6 9. Bxc6+ bxc6 10. b3 O-O 11. h3 Nh5 12. O-O Qf6 13. Kh2 Nf4 14.
Ng1 g5 15. g3 Ne6 16. Nce2 Qg6 17. f4 exf4 18. gxf4 f5 19. exf5 Rxf5 20.
fxg5 Rxg5 21. Nf3 Rh5 22. Rg1 Ng5 23. Nxg5 1/2-1/2

[Event "Open"]
[Site "Baku AZE"]
[Date "2010.08.28"]
[Round "6"]
[White "Abbasov,F"]
[Black "Rasulov,Vu"]
[Result "1-0"]
[WhiteElo "2549"]
[BlackElo "2442"]
[EventDate "2010.08.23"]

1. d4 Nf6 2. c4 g6 3. Nc3 Bg7 4. e4 d6 5. Nf3 O-O 6. Be2 e5 7. O-O Nc6 8.
d5 Ne7 9. Ne1 Nd7 10. f3 f5 11. g4 Kh8 12. Be3 Ng8 13. Nd3 Bh6 14. Bf2 b6
15. b4 a5 16. a3 Ndf6 17. bxa5 Rxa5 18. h3 Ra8 19. a4 Nd7 20. Kg2 Nc5 21.
a5 fxe4 22. fxe4 Nxd3 23. Qxd3 bxa5 24. c5 Nf6 25. c6 Bf4 26. Bg3 g5 27.
Qd1 Kg7 28. Bf3 Rh8 29. Rg1 Kf8 30. Bxf4 gxf4 31. g5 Ne8 32. Kh2 Rg8 33.
Bh5 Rxg5 34. Bxe8 Kxe8 35. Ra2 Kf8 36. Nb5 Rxg1 37. Qxg1 Qh4 38. Qg2 Qh5
39. Nxc7 Ra7 40. Ne6+ Bxe6 41. dxe6 Qh6 42. Rb2 Ra8 43. Rb7 Ke8 44. Qg8+
Qf8 45. Qxh7 1-0

[Event "Open"]
[Site "Baku AZE"]
[Date "2010.08.28"]
[Round "6"]
[White "Agaragimov,D"]
[Black "Abasov,N"]
[Result "1/2-1/2"]
[WhiteElo "2311"]
[BlackElo "2517"]
[EventDate "2010.08.23"]

1. d4 Nf6 2. Nf3 e6 3. e3 b6 4. Bd3 Bb7 5. O-O c5 6. b3 Nc6 7. a3 Be7 8.
Bb2 O-O 9. Nbd2 d5 10. Rc1 a5 11. Ne5 Nxe5 12. dxe5 Ne4 13. Nxe4 dxe4 14.
Bb5 Qc7 15. Qe2 Rfd8 16. Rcd1 g6 17. Rxd8+ Rxd8 18. Rd1 Bf8 19. h3 h5 20.
Rd2 Be7 1/2-1/2

[Event "Open"]
[Site "Baku AZE"]
[Date "2010.08.28"]
[Round "6"]
[White "Agayev,N"]
[Black "Orujov,S"]
[Result "0-1"]
[WhiteElo "2317"]
[BlackElo "2077"]
[EventDate "2010.08.23"]

1. Nf3 Nf6 2. c4 g6 3. b3 Bg7 4. Bb2 O-O 5. g3 d6 6. d4 c6 7. Bg2 Bg4 8.
Nbd2 Bxf3 9. Nxf3 Nbd7 10. O-O Re8 11. Qc2 Rc8 12. Rad1 d5 13. Ne5 Qb6 14.
Qb1 e6 15. h3 Nxe5 16. dxe5 Nd7 17. e4 Nxe5 18. Qa1 f6 19. exd5 exd5 20.
cxd5 c5 21. Rfe1 Qd6 22. f4 Nf7 23. Kh2 b6 24. a4 a5 25. Bf3 Kf8 26. Re6
Rxe6 27. dxe6 Qxe6 28. Bg4 Qe3 29. h4 Re8 30. Bxf6 Bxf6 31. Qxf6 h5 32. Rd7
Qf2+ 33. Kh3 hxg4+ 34. Kxg4 Qe2+ 35. Kh3 Qe6+ 36. Qxe6 Rxe6 0-1

[Event "Open"]
[Site "Baku AZE"]
[Date "2010.08.28"]
[Round "6"]
[White "Akhmadzade,F"]
[Black "Hejazipour,M"]
[Result "0-1"]
[WhiteElo "1941"]
[BlackElo "2233"]
[EventDate "2010.08.23"]

1. d4 Nf6 2. c4 e6 3. Nc3 Bb4 4. Qc2 O-O 5. Nf3 b6 6. Bg5 Bb7 7. e3 h6 8.
Bh4 Be7 9. e4 d5 10. e5 Ne4 11. Bxe7 Qxe7 12. cxd5 exd5 13. Bd3 f5 14. O-O
c5 15. dxc5 bxc5 16. Rad1 Kh8 17. Be2 d4 18. Na4 Nc6 19. Rc1 Nb4 20. Qb3
Nd5 21. Qb5 Nf4 22. Bd1 Rfc8 23. Qa5 Ng5 24. Ne1 Qxe5 25. Nf3 Nxf3+ 26.
gxf3 Nh3+ 27. Kg2 Qf4 28. Rxc5 Qg4+ 0-1

[Event "Open"]
[Site "Baku AZE"]
[Date "2010.08.28"]
[Round "6"]
[White "Aleksandrov,A"]
[Black "Azaladze,S"]
[Result "1-0"]
[WhiteElo "2642"]
[BlackElo "2443"]
[EventDate "2010.08.23"]

1. d4 g6 2. e4 Bg7 3. c4 c5 4. d5 d6 5. Bd3 Nf6 6. h3 O-O 7. Nf3 b5 8. cxb5
a6 9. bxa6 Nxa6 10. Nc3 Nb4 11. Bc4 Qa5 12. O-O Ba6 13. Bxa6 Qxa6 14. Bg5
h6 15. Be3 Qd3 16. a3 Qxd1 17. Raxd1 Nc2 18. e5 Nxe3 19. exf6 Nxf1 20. fxg7
Rfb8 21. Rb1 Rb3 22. Kxf1 Rab8 23. Nd2 Rxb2 24. Rxb2 Rxb2 25. Ke2 Kxg7 26.
Kd3 Kf8 27. g4 Ke8 28. h4 Kd7 29. Nde4 f5 30. gxf5 gxf5 31. Nd2 c4+ 32.
Nxc4 Rxf2 33. a4 Rf3+ 34. Kc2 Rf4 35. Kb3 Rxh4 36. a5 Rh1 37. a6 Ra1 38.
Na2 Kc7 39. Kb2 Rg1 40. Nc3 Rg8 41. Nb5+ Kb8 42. Na5 Rc8 43. Nc6+ Ka8 44.
Kc3 h5 45. Kd4 h4 46. Nxe7 Rc5 47. Nxd6 Ra5 48. Ne8 Ra4+ 49. Kc5 Ka7 50. d6
Ra5+ 51. Kc4 Ra1 52. d7 Rc1+ 53. Kb5 Rb1+ 54. Kc5 1-0

[Event "Open"]
[Site "Baku AZE"]
[Date "2010.08.28"]
[Round "6"]
[White "Chighladze,I"]
[Black "Abbasov,V"]
[Result "1-0"]
[WhiteElo "2375"]
[BlackElo "2157"]
[EventDate "2010.08.23"]

1. d4 Nf6 2. c4 g6 3. Nc3 Bg7 4. e4 d6 5. f3 Nc6 6. Be3 O-O 7. Qd2 e5 8. d5
Nd4 9. Nge2 c5 10. dxc6 bxc6 11. Nxd4 exd4 12. Bxd4 d5 13. cxd5 cxd5 14. e5
Re8 15. Bb5 Nd7 16. f4 f6 17. O-O fxe5 18. fxe5 Bxe5 19. Bc6 Rb8 20. Nxd5
Bb7 21. Bxd7 Qxd7 22. Bxe5 Bxd5 23. Bxb8 Rxb8 24. Rad1 Rd8 25. Rf3 1-0

[Event "Open"]
[Site "Baku AZE"]
[Date "2010.08.28"]
[Round "6"]
[White "Esen,B"]
[Black "Asgarov,M"]
[Result "1-0"]
[WhiteElo "2518"]
[BlackElo "2211"]
[EventDate "2010.08.23"]

1. d4 Nf6 2. c4 g6 3. Nf3 Bg7 4. g3 O-O 5. Bg2 d6 6. O-O Nbd7 7. Nc3 e5 8.
e4 c6 9. b3 exd4 10. Nxd4 Re8 11. h3 Nc5 12. Re1 a5 13. Rb1 Nfd7 14. Be3 h5
15. f4 Nf6 16. Bf2 Bd7 17. Qf3 Qc8 18. Kh2 h4 19. gxh4 Nh5 20. Nde2 Ne6 21.
Be3 Qd8 22. Red1 Qxh4 23. Rxd6 Ng5 24. Qf2 Qxf2 25. Bxf2 Bxh3 26. Bxh3 Nxe4
27. Nxe4 Rxe4 28. Rd2 Rae8 29. Ng3 Nxg3 30. Kxg3 Bh6 31. Rd4 Rxd4 32. Bxd4
Re4 33. Rd1 Bxf4+ 34. Kf3 f5 35. Bf2 Bg5 36. Rg1 Rf4+ 37. Ke2 Bh4 38. Be3
Re4 39. Bxf5 1-0

[Event "Open"]
[Site "Baku AZE"]
[Date "2010.08.28"]
[Round "6"]
[White "Guliyev,N"]
[Black "Abdulla,K"]
[Result "1-0"]
[WhiteElo "2510"]
[BlackElo "2193"]
[EventDate "2010.08.23"]

1. e4 c5 2. Nf3 e6 3. d4 cxd4 4. Nxd4 Nc6 5. Nb5 d6 6. c4 a6 7. N5c3 Nf6 8.
Be2 Be7 9. O-O O-O 10. Be3 Qc7 11. Nd2 b6 12. Rc1 Ne5 13. f4 Ned7 14. Bf3
Bb7 15. g4 Ne8 16. Bg2 Qd8 17. Qe2 Rb8 18. a4 g6 19. Kh1 Ng7 20. Nf3 Rc8
21. Bd4 Nc5 22. Qc2 Nd7 23. b3 Nf6 24. g5 Nd7 25. Rcd1 Qc7 26. f5 exf5 27.
Bxg7 Kxg7 28. exf5 Kg8 29. f6 Bd8 30. Nd4 Ne5 31. Nd5 Bxd5 32. Bxd5 Qc5 33.
Qe4 Bc7 34. Rde1 Rce8 35. Nc6 Nxc6 36. Qxe8 Ne5 37. Rxe5 dxe5 38. Bxf7+ Kh8
39. Qd7 Qd6 40. Rd1 Qxd7 41. Rxd7 Bb8 42. a5 bxa5 43. c5 e4 44. Kg2 Bf4 45.
h4 Rb8 46. c6 Rc8 47. Re7 Bd6 48. Rxe4 Rf8 49. Re8 Rxe8 50. Bxe8 Kg8 51. h5
gxh5 52. Bxh5 Bf4 53. Kf3 1-0

[Event "Open"]
[Site "Baku AZE"]
[Date "2010.08.28"]
[Round "6"]
[White "Guseinov,G"]
[Black "Alavi,S"]
[Result "0-1"]
[WhiteElo "2611"]
[BlackElo "2413"]
[EventDate "2010.08.23"]

1. e4 e5 2. Nf3 Nc6 3. Bb5 Nf6 4. O-O Nxe4 5. d4 Be7 6. Qe2 Nd6 7. Bxc6
bxc6 8. dxe5 Nb7 9. Nd4 O-O 10. Nc3 Bc5 11. Rd1 Re8 12. Bf4 Bxd4 13. Rxd4
d5 14. Ne4 Qe7 15. Ng3 Nc5 16. Re1 Ne6 17. Ra4 c5 18. Bc1 Nd4 19. Qd1 Be6
20. c3 Nc6 21. Rf4 Bd7 22. Qxd5 Nxe5 23. Rfe4 Qd6 24. Rd1 Qxd5 25. Rxd5 Bc6
26. Rdxe5 Bxe4 27. Rxc5 Rad8 28. f3 Rd1+ 29. Kf2 Bd3 30. Bf4 Rb1 31. Ne4
Rxb2+ 32. Ke3 Bxe4 33. fxe4 Rc8 34. Ra5 Rb7 35. Be5 f6 36. Bd4 Kf7 37. g4
c6 38. h4 Ke6 39. g5 Rb5 40. Ra6 fxg5 41. a4 Rb7 42. hxg5 Kd6 43. Bxa7 h5
44. Bd4 h4 45. Ra5 h3 46. Rf5 Rh8 47. Be5+ Ke6 48. Bh2 Rb2 49. Rf2 Rxf2 50.
Kxf2 Rh5 51. Kg3 Rxg5+ 52. Kxh3 Ra5 53. Kg4 Rxa4 54. Kf4 Rc4 55. Bg1 c5 56.
Ke3 Rxc3+ 57. Kd2 Rh3 58. Bxc5 Ke5 59. Ke2 Kxe4 60. Kf2 Ke5 0-1